000
00273nam a2200109Ia 4500
008
200302s9999 xx 000 0 und d
100
_a
Author
245
_a
Environmental Design Best Selection
260
_b
Graphic sha Publishing Co., Ltd.
260
_c
1985
300
_a
253 P.,
999
_c
809
_d
809